Vista normal Vista MARC

Entrada Materia (corporativa)

Número de registros utilizados en: 1

001 - CONTROL NUMBER

  • control field: 104709

003 - CONTROL NUMBER IDENTIFIER

  • control field: Co-BoUCM

005 - DATE AND TIME OF LATEST TRANSACTION

  • control field: 20210812152703.0

008 - FIXED-LENGTH DATA ELEMENTS

  • fixed length control field: 210812|| aca||aabn | a|a d

040 ## - CATALOGING SOURCE

  • Original cataloging agency: Co-BoUCM
  • Transcribing agency: Co-BoUCM

110 ## - HEADING--CORPORATE NAME

  • Corporate name or jurisdiction name as entry element: Universidad de las Palmas de Gran Canaria
  • Subordinate unit: Vicerrectorado de investigación, Desarrollo e Inovación

670 ## - SOURCE DATA FOUND

  • Source citation: Work cat.: (Co-BoUCM)318980: Monterde Rey, Ana María 103988, Ejercicios de introducción a la terminología para traductores e intérpretes, 2002